000 00574 a2200181 4500
999 _c5298
_d5298
010 _aENG-86811
020 _c495.00
_a8183821111
035 _aEN-70344
037 _bDBAD / PUB
082 1 4 _a303.69
100 1 _aVeerabhadrappa, R.P.
245 1 _aTeaching of peace and conflict resolution /
_cby R.P.Veerabhadrappa
260 _aNew Delhi
_bLotus Press
_c2007
270 _a4263/3, Ansari Road, Daryaganj
_bNew Delhi
_mlotus_press@sify.com
_e110 002
300 _axiv, 240p
_c24cm (Hb)
500 _aIncludes index
942 _adpl
_cEN
_2ddc
_h303.69
_mVEE